Icky bug numbers 123/ (Record no. 2900)

MARC details
000 -LEADER
fixed length control field 01036cam a2200313 a 4500
005 - DATE AND TIME OF LATEST TRANSACTION
control field 20250826140604.0
020 ## - INTERNATIONAL STANDARD BOOK NUMBER
International Standard Book Number 9780439560108
040 ## - CATALOGING SOURCE
Original cataloging agency UWB
Transcribing agency UWB
Modifying agency OCLCQ
-- DLC
Language of cataloging eng
050 00 - LIBRARY OF CONGRESS CALL NUMBER
Classification number QA113.P3452
Item number 2003
082 00 - DEWEY DECIMAL CLASSIFICATION NUMBER
Classification number 513.211
100 1# - MAIN ENTRY--PERSONAL NAME
Personal name Pallotta, Jerry
245 10 - TITLE STATEMENT
Title Icky bug numbers 123/
Statement of responsibility, etc. by Pallotta, : illustrated by Briedrzy, David and Bolster, Rob
246 3# - VARYING FORM OF TITLE
Title proper/short title Icky bug numbers 1 2 3 4 5
246 3# - VARYING FORM OF TITLE
Title proper/short title Icky bug numbers one, two, three, four, five
250 ## - EDITION STATEMENT
Edition statement First printing, November 2003
260 ## - PUBLICATION, DISTRIBUTION, ETC.
Place of publication, distribution, etc. New York :
Name of publisher, distributor, etc. Scholastic,
Date of publication, distribution, etc. 2003
300 ## - PHYSICAL DESCRIPTION
Extent 30 unnumbered pages :
Other physical details color illustrations ;
Dimensions 21 cm.
505 ## - FORMATTED CONTENTS NOTE
Formatted contents note J <br/>
520 ## - SUMMARY, ETC.
Summary, etc. Uses insects to teach numbers.
521 ## - TARGET AUDIENCE NOTE
Target audience note 450 <br/>
Source Lexile <br/>
521 ## - TARGET AUDIENCE NOTE
Target audience note J <br/>
Source Raz-Plus <br/>
650 #0 - SUBJECT ADDED ENTRY--TOPICAL TERM
Topical term or geographic name entry element Counting
Form subdivision Juvenile literature.
650 #0 - SUBJECT ADDED ENTRY--TOPICAL TERM
Topical term or geographic name entry element Insects
Form subdivision Juvenile literature.
700 1# - ADDED ENTRY--PERSONAL NAME
Personal name Biedrzycki, David,
Relator term illustrator
700 1# - ADDED ENTRY--PERSONAL NAME
Personal name Bolster, Rob,
Relator term illustrator
906 ## - LOCAL DATA ELEMENT F, LDF (RLIN)
a 7
b cbc
c copycat
d 2
e ncip
f 20
g y-gencatlg
942 ## - ADDED ENTRY ELEMENTS (KOHA)
Source of classification or shelving scheme Dewey Decimal Classification
Koha item type Books
Suppress in OPAC No
999 ## -
-- 2900
-- 2900
Holdings
Withdrawn status Lost status Source of classification or shelving scheme Damaged status Not for loan Collection Home library Current library Shelving location Date acquired Total Checkouts Full call number Barcode Date last seen Date last checked out Price effective from Koha item type Copy number Date due
    Dewey Decimal Classification     Juvenile Fiction Footprints International School Library Network Toul Tom Poung Campus Footprints International School Library Network Toul Tom Poung Campus TTP Primary Dark Blue Bookshelves 01/22/2024 2 PAL 513.211 QA113.P3452 FISBK06147 03/26/2024 03/19/2024 01/22/2024 Books    
    Dewey Decimal Classification     Juvenile Fiction Footprints International School Library Network Toul Tom Poung Campus Footprints International School Library Network Toul Tom Poung Campus TTP Primary Dark Blue Bookshelves 08/15/2025 1 PAL 513.211 QA113.P3452 FISTK02250 10/10/2025 10/03/2025 08/15/2025 Books 2  
    Dewey Decimal Classification     Juvenile Fiction Footprints International School Library Network Toul Tom Poung Campus Footprints International School Library Network Toul Tom Poung Campus TTP Primary Dark Blue Bookshelves 08/26/2025 1 PAL 513.211 QA113.P3452 FIS01800 01/14/2026 01/14/2026 08/26/2025 Books 3 01/28/2026